书目信息 |
| 题名: |
产业集群中的知识溢出与创新生态系统生成效应
|
|
| 作者: | 李宇 著 | |
| 分册: | ||
| 出版信息: | 大连 东北财经大学出版社 2020 |
|
| 页数: | 287页 | |
| 开本: | 24cm | |
| 丛书名: | 墨香财经学术文库 | |
| 单 册: | ||
| 中图分类: | F269.23 , F269.2 | |
| 科图分类: | ||
| 主题词: | 产业集群--知识管理--研究--中国 | |
| 电子资源: | ||
| ISBN: | 978-7-5654-3719-9 | |
| 000 | 01530oam2 2200277 450 | |
| 001 | 2240635766 | |
| 005 | 20220929111740.77 | |
| 010 | @a978-7-5654-3719-9@dCNY49.00 | |
| 100 | @a20201012d2020 em y0chiy50 ea | |
| 101 | 0 | @achi |
| 102 | @aCN@b210000 | |
| 105 | @ay z 001yy | |
| 200 | 1 | @a产业集群中的知识溢出与创新生态系统生成效应@9chan ye ji qun zhong de zhi shi yi chu yu chuang xin sheng tai xi tong sheng cheng xiao ying@e基于核心企业的探究@dKnowledge spillover and innovation ecosystem's emerging effect in industrial cluster@eexploratory development based on the core enterprise@f李宇著@zeng |
| 210 | @a大连@c东北财经大学出版社@d2020 | |
| 215 | @a287页@d24cm | |
| 225 | 1 | @a墨香财经学术文库 |
| 300 | @a“十二五”辽宁省重点图书出版规划项目 “东北财经大学‘双一流’建设项目高水平学术专著出版资助计划”资助出版 | |
| 330 | @a本书聚焦于产业集群网络中知识溢出(技术溢出)的独特性及其对集群创新生态系统的生成效应。全书共分9章,内容包括:产业集群中的知识溢出:框架、焦点议题与中国情境;创新集群企业有意识的知识溢出:概念界定与量表开发;有意识的知识溢出与集群创新生态:衍生效应与以“核”获益;核心企业的知识权力运用与“有核”集群的知识创造等。 | |
| 461 | 0 | @12001 @a墨香财经学术文库 |
| 510 | 1 | @aKnowledge spillover and innovation ecosystem's emerging effect in industrial cluster@eexploratory development based on the core enterprise@zeng |
| 606 | 0 | @a产业集群@x知识管理@x研究@y中国 |
| 690 | @aF269.23@v5 | |
| 690 | @aF269.2@v4 | |
| 701 | 0 | @a李宇@9li yu@4著 |
| 801 | 0 | @aCN@b91MARC@c20201205 |
| 905 | @aZUCC@dF269.2@e4 | |
| 产业集群中的知识溢出与创新生态系统生成效应:基于核心企业的探究=Knowledge spillover and innovation ecosystem's emerging effect in industrial cluster:exploratory development based on the core enterprise/李宇著.-大连:东北财经大学出版社,2020 |
| 287页;24cm.-(墨香财经学术文库) |
| “十二五”辽宁省重点图书出版规划项目 “东北财经大学‘双一流’建设项目高水平学术专著出版资助计划”资助出版 |
| ISBN 978-7-5654-3719-9:CNY49.00 |
| 本书聚焦于产业集群网络中知识溢出(技术溢出)的独特性及其对集群创新生态系统的生成效应。全书共分9章,内容包括:产业集群中的知识溢出:框架、焦点议题与中国情境;创新集群企业有意识的知识溢出:概念界定与量表开发;有意识的知识溢出与集群创新生态:衍生效应与以“核”获益;核心企业的知识权力运用与“有核”集群的知识创造等。 |
| ● |
| 相关链接 |
|
|
|
正题名:产业集群中的知识溢出与创新生态系统生成效应
索取号:F269.2/4
 
预约/预借
| 序号 | 登录号 | 条形码 | 馆藏地/架位号 | 状态 | 备注 |
| 1 | 2000906206 | 2000906206 | 第三书库/ [索取号:F269.2/4] | 在馆 | |
| 2 | 2000906207 | 2000906207 | 第三书库/ [索取号:F269.2/4] | 在馆 | |
| 3 | 2000906208 | 2000906208 | 第三书库/ [索取号:F269.2/4] | 在馆 |